000 014870000a22002170004500
020 _a968-6055-37-1
041 0 _aSPA
082 0 4 _aG 155.2 E471t
100 1 _aEllis, Albert (1913-)
245 1 0 _aTerapia racional-Emotiva (TRE). Mejor salud y superación personal afrontando nuestra realidad / Albert Ellis, Eliot Abrahms ; Haroldo Díes, Traductor
260 _aMéxico D.F., México : Pax-México
300 _a279 Pag.
500 _aTítulo original : Brief psychotherapy in medical and health practise
505 0 0 _aproblemas de salud y trastorno emocional -- aceptación de uno mismo y enfermedad -- teoría ABC de la TRE y problemas relacionados -- enfoque racional-emotivo de la interpretación -- teoría y práctica de la terapia racional-emotiva -- ansiedad y depresión relacionadas con enfermedad -- enfermedad y hostilidad -- superación de la ansiedad sobre la muerte -- -- ataques rápidos relacionados con enfermedad -- técnicas emotivas para ayudar a individuos con problemas de salud -- métodos conductuales de TRE y terapia cognoscitiva -- métodos cognitivos adicionales de TRE -- tratamientos de problemas sexuales con TRE -- empleo de medicación psicotrópica con TRE -- ayudar a las personas a vivir intensamente
650 1 4 _aPSICOTERAPIA RACIONAL EMOTIVA \ MEDICINA FAMILIAR \ PSICOTERAPIA BREVE
001 958
942 _cBK
999 _c32349
_d32349
336 _atexto
_btxt
_2rdacontent
337 _2rdamedia
_asin mediación
_bn
338 _2rdacarrier
_avolumen
_bnc